[Event "Noisiel 5th op"]
[Site "Noisiel"]
[Date "2020.02.16"]
[Round "3"]
[White "Solodovnichenko, Yuri"]
[Black "Dubourg, Pierrick"]
[Result "1-0"]
[WhiteElo "2567"]
[BlackElo "1965"]
[PlyCount "75"]
[EventDate "2020.02.15"]
[EventType "swiss"]
[EventRounds "9"]
[EventCountry "FRA"]

{[%evp 0,38,28,-35,0,-26,30,23,23,9,11,8,8,-1,11,10,23,11,21,9,30,16,67,19,58,
36,63,49,75,52,33,35,35,23,33,-19,44,60,54,43,84]} 1. g3 d5 2. Bg2 c6 3. Nf3
Nf6 4. O-O Bf5 5. d3 Nbd7 6. Nbd2 e6 7. Qe1 Bg6 8. e4 dxe4 9. dxe4 e5 10. Nc4
Qc7 11. Nh4 Bc5 12. b4 Be7 13. Bb2 O-O 14. a3 b5 15. Na5 c5 16. Nf5 Rfe8 17. c4
a6 18. Nxe7+ Rxe7 19. Rc1 Ne8 20. Qe3 Nd6 21. cxb5 axb5 22. bxc5 Nxc5 23. Qxc5
Qxc5 24. Rxc5 Rxa5 25. Rd1 Ne8 26. Rdd5 f6 27. Rxb5 Ra4 28. f3 Bf7 29. Rd8 Bc4
30. Rbb8 Kf7 31. Bh3 Ra6 32. Rd7 Nd6 33. Rdd8 Ba2 34. Bc3 Rc7 35. Bb4 Rc1+ 36.
Kf2 Rc2+ 37. Ke1 Rxh2 38. Bf5 1-0

[Event "Noisiel 5th op"]
[Site "Noisiel"]
[Date "2020.02.16"]
[Round "3"]
[White "Bailet, Pierre"]
[Black "Ivanov, Mikhail M"]
[Result "1/2-1/2"]
[WhiteElo "2506"]
[BlackElo "2353"]
[PlyCount "24"]
[EventDate "2020.02.15"]
[EventType "swiss"]
[EventRounds "9"]
[EventCountry "FRA"]

{[%evp 0,14,23,20,42,49,78,26,76,69,87,43,47,19,26,44,70]} 1. e4 c5 2. Nf3 a6
3. g3 b5 4. Bg2 Bb7 5. Qe2 d6 6. d4 cxd4 7. Nxd4 Nc6 8. Nxc6 Bxc6 9. O-O e6 10.
b3 Qb6 11. Bb2 Nf6 12. Nd2 Be7 1/2-1/2

[Event "Noisiel 5th op"]
[Site "Noisiel"]
[Date "2020.02.16"]
[Round "3"]
[White "Roebers, Jan"]
[Black "Terrieux, Kevin"]
[Result "0-1"]
[WhiteElo "2188"]
[BlackElo "2453"]
[PlyCount "80"]
[EventDate "2020.02.15"]
[EventType "swiss"]
[EventRounds "9"]
[EventCountry "FRA"]

{[%evp 0,20,23,42,49,49,51,29,31,34,34,47,30,29,79,51,55,53,56,49,50,1,5]} 1.
e4 c5 2. Nf3 e6 3. d4 cxd4 4. Nxd4 Nf6 5. Nc3 Nc6 6. Ndb5 Bc5 7. Bf4 O-O 8. Bc7
Qe7 9. Bd6 Bxd6 10. Nxd6 e5 11. Nxc8 Raxc8 12. Bd3 Nd4 13. O-O Ne6 14. g3 d6
15. a4 a6 16. Ra3 Nc5 17. Qe2 Rc7 18. f4 Nxd3 19. Qxd3 exf4 20. Rxf4 Rfc8 21.
Rb3 Rc6 22. Nd5 Nxd5 23. Qxd5 R6c7 24. Rb6 Rd7 25. c3 Rc5 26. Qd4 Re5 27. Qc4
h6 28. Qc8+ Kh7 29. Rb4 d5 30. Rd4 g5 31. Rf5 Rxf5 32. exf5 Qe1+ 33. Kg2 Qe2+
34. Kh3 Qf1+ 35. Kg4 Qe2+ 36. Kh3 Re7 37. Qf8 Qf1+ 38. Kg4 Qe2+ 39. Kh3 f6 40.
Qxf6 Rg7 0-1

[Event "Noisiel 5th op"]
[Site "Noisiel"]
[Date "2020.02.16"]
[Round "3"]
[White "Mohite, Ranveer"]
[Black "D'Cunha, Viani Antonio"]
[Result "1-0"]
[WhiteElo "2231"]
[BlackElo "2403"]
[PlyCount "81"]
[EventDate "2020.02.15"]
[EventType "swiss"]
[EventRounds "9"]
[EventCountry "FRA"]

{[%evp 0,13,24,30,39,13,8,17,24,-13,7,-13,-6,24,0,6]} 1. e4 e5 2. Nf3 Nc6 3.
Bb5 a6 4. Ba4 Nf6 5. O-O Bc5 6. c3 b5 7. Bb3 d6 8. a4 Bg4 9. h3 Bxf3 10. Qxf3
Na5 11. Bc2 b4 12. d3 Rb8 13. Nd2 O-O 14. Re1 Re8 15. Qg3 d5 16. exd5 Qxd5 17.
Ne4 Nxe4 18. Rxe4 f5 19. Re1 b3 20. Bd1 Rb6 21. Bf3 e4 22. Qxc7 Rbe6 23. Bh5
R6e7 24. c4 Bxf2+ 25. Kxf2 Qd4+ 26. Be3 Qxb2+ 27. Re2 Qxa1 28. Qxa5 b2 29. Bd4
b1=Q 30. Bxa1 Qxa1 31. Qd5+ Kh8 32. Bxe8 Rxe8 33. dxe4 fxe4 34. Rxe4 Qb2+ 35.
Kf3 Qb3+ 36. Kg4 Qxa4 37. Rxe8+ Qxe8 38. c5 Qg6+ 39. Kf3 h5 40. Qa8+ Kh7 41.
Qe4 1-0

[Event "Noisiel 5th op"]
[Site "Noisiel"]
[Date "2020.02.16"]
[Round "3"]
[White "Noblecourt, Nicolas"]
[Black "Parnali, S Dharia"]
[Result "0-1"]
[WhiteElo "1918"]
[BlackElo "2275"]
[PlyCount "90"]
[EventDate "2020.02.15"]
[EventType "swiss"]
[EventRounds "9"]
[EventCountry "FRA"]

{[%evp 0,86,24,30,30,-17,-4,7,12,14,25,31,31,25,19,-10,-14,-20,1,1,11,-4,-29,
-38,0,-32,-35,-39,-40,-32,-33,-48,-49,-38,-44,-55,-37,-50,-63,-68,-63,-71,-63,
-69,-49,-70,-50,-86,-71,-68,-75,-78,-58,-80,-74,-74,-33,-60,-68,-40,-40,-50,
-56,-42,-34,-12,-38,-35,2,-81,-86,-90,-84,-100,-97,-104,-133,-159,-100,-155,
-108,-112,-111,-227,-133,-174,-194,-238,-263]} 1. Nf3 Nf6 2. g3 c5 3. c4 Nc6 4.
Bg2 d5 5. cxd5 Nxd5 6. O-O e5 7. d3 Be7 8. Nbd2 O-O 9. Nc4 f6 10. Qb3 Kh8 11.
Bd2 Nc7 12. Na5 Nxa5 13. Bxa5 b6 14. Bd2 Be6 15. Qc2 Qd7 16. Rfc1 Rac8 17. a4
Bd5 18. Be3 Na6 19. Ne1 Nb4 20. Qd1 Be6 21. Bd2 Nc6 22. Nc2 Bb3 23. Qf1 f5 24.
a5 b5 25. a6 e4 26. Be3 exd3 27. exd3 Ne5 28. Ne1 Bd5 29. Bxd5 Qxd5 30. Qg2 Qd7
31. Rd1 Nc6 32. Rac1 Nb4 33. d4 c4 34. d5 Bf6 35. Rb1 Nxa6 36. Nc2 Rfd8 37. h4
Nc5 38. Nb4 Re8 39. Qf3 a5 40. Bxc5 Rxc5 41. Nc6 h6 42. Nxa5 Re4 43. h5 Rxd5
44. Rxd5 Qxd5 45. Rd1 Re1+ 0-1

[Event "Noisiel 5th op"]
[Site "Noisiel"]
[Date "2020.02.16"]
[Round "3"]
[White "Dimitrov, Radoslav"]
[Black "Ahmed Holi Ali, Moawia"]
[Result "1-0"]
[WhiteElo "2519"]
[BlackElo "2121"]
[PlyCount "105"]
[EventDate "2020.02.15"]
[EventType "swiss"]
[EventRounds "9"]
[EventCountry "FRA"]

{[%evp 0,27,30,39,99,65,99,90,87,42,43,43,38,38,34,32,38,30,50,27,27,13,23,25,
23,-5,-10,-3,-2,0]} 1. e4 g6 2. d4 d6 3. Nc3 Bg7 4. f4 e6 5. Nf3 Ne7 6. Be3 b6
7. Qd2 a5 8. g4 h5 9. gxh5 Rxh5 10. Be2 Ba6 11. O-O-O Bxe2 12. Nxe2 d5 13. Ng3
Rh8 14. e5 Nd7 15. h4 Nf5 16. Nxf5 exf5 17. h5 Nf8 18. Qg2 Qd7 19. hxg6 fxg6
20. Rxh8 Bxh8 21. Rh1 Bg7 22. Nh4 Qe6 23. Rg1 Kf7 24. Nxf5 Rd8 25. Nxg7 Kxg7
26. Qg5 Re8 27. f5 Qf7 28. Qh6+ Kg8 29. fxg6 Qg7 30. Qh5 Re6 31. Bh6 Rxg6 32.
Bxg7 Rxg1+ 33. Kd2 Rxg7 34. Qe8 Rg6 35. Qa8 c6 36. Qd8 b5 37. Qxa5 Rg2+ 38. Kc3
Rg3+ 39. Kb4 Rg2 40. Kb3 Rg3+ 41. c3 Rg6 42. Qd8 Kf7 43. Qc7+ Ke8 44. Kb4 Nd7
45. b3 Ke7 46. a4 bxa4 47. bxa4 Rg1 48. Qd6+ Ke8 49. Qxc6 Rb1+ 50. Ka3 Kd8 51.
Qxd5 Kc7 52. Qf7 Kc8 53. e6 1-0

[Event "Noisiel 5th op"]
[Site "Noisiel"]
[Date "2020.02.16"]
[Round "3"]
[White "Velten, Paul"]
[Black "Boulos, Carlos"]
[Result "1-0"]
[WhiteElo "2483"]
[BlackElo "2137"]
[PlyCount "97"]
[EventDate "2020.02.15"]
[EventType "swiss"]
[EventRounds "9"]
[EventCountry "FRA"]

{[%evp 0,19,39,-20,6,7,7,7,7,29,26,21,18,18,43,50,48,49,36,36,26,36]} 1. c4 e6
2. d4 d5 3. Nf3 Nf6 4. Nc3 Be7 5. Bf4 O-O 6. a3 b6 7. e3 Bb7 8. cxd5 Nxd5 9.
Nxd5 Bxd5 10. Bd3 c5 11. dxc5 bxc5 12. O-O Nd7 13. e4 Bb7 14. Qe2 Qb6 15. Nd2
e5 16. Nc4 Qe6 17. Bg3 Rad8 18. Rfd1 g6 19. f3 h5 20. Bf2 Nb6 21. Na5 Ba8 22.
Rac1 Rc8 23. Ba6 Rcd8 24. Re1 h4 25. h3 Bg5 26. Rc2 Rd4 27. Bc4 Qf6 28. Nb3
Rfd8 29. Nxd4 cxd4 30. Rd1 Bb7 31. Ba6 Bc6 32. Bb5 Bb7 33. Rc7 Bc8 34. Rxa7 Be6
35. a4 Rc8 36. a5 Bb3 37. Ra1 Rc2 38. Qd3 Rxf2 39. Kxf2 Be3+ 40. Ke1 Be6 41.
axb6 Qg5 42. R7a3 Qxg2 43. b7 Bxh3 44. b8=Q+ Kh7 45. Kd1 Qxf3+ 46. Kc2 Be6 47.
Qxe5 Qg2+ 48. Qe2 d3+ 49. Bxd3 1-0

[Event "Noisiel 5th op"]
[Site "Noisiel"]
[Date "2020.02.16"]
[Round "3"]
[White "Rostgaard, Tobias Valentin"]
[Black "Gherghinoiu, Lucas"]
[Result "1-0"]
[WhiteElo "2364"]
[BlackElo "2120"]
[PlyCount "89"]
[EventDate "2020.02.15"]
[EventType "swiss"]
[EventRounds "9"]
[EventCountry "FRA"]

{[%evp 0,59,39,12,49,49,46,19,41,-6,-5,-8,-10,9,-5,-5,-2,-15,-22,-10,-1,-7,14,
-61,-18,-38,20,-57,-50,-46,-39,-35,-53,-73,-77,-70,-94,-81,-80,-68,-64,-64,
-110,-30,-4,-14,0,0,8,0,12,25,40,40,40,48,46,42,114,136,131,152]} 1. e4 c5 2.
Nf3 e6 3. d3 Nc6 4. g3 d5 5. Qe2 Be7 6. Bg2 Nf6 7. O-O O-O 8. e5 Nd7 9. c4 Nb6
10. Rd1 f5 11. exf6 Bxf6 12. Na3 e5 13. h3 Be6 14. Be3 Qe7 15. cxd5 Nxd5 16.
Nc4 Nxe3 17. Qxe3 Bxc4 18. dxc4 e4 19. Nd2 Bd4 20. Qxe4 Rxf2 21. Kh1 Qxe4 22.
Nxe4 Rxb2 23. Rab1 Rxb1 24. Rxb1 Rd8 25. Ng5 Ne7 26. Rxb7 Be3 27. h4 Bxg5 28.
hxg5 Nf5 29. Bd5+ Kh8 30. Rxa7 Nxg3+ 31. Kg2 Ne2 32. Kf3 Nd4+ 33. Ke4 Re8+ 34.
Kd3 Rc8 35. a4 g6 36. Ra6 Kg7 37. a5 Rc7 38. Ra8 h6 39. a6 Nc6 40. gxh6+ Kh7
41. Ke4 Na7 42. Ke5 Kxh6 43. Kd6 Rh7 44. Bb7 g5 45. Rxa7 1-0

[Event "Noisiel 5th op"]
[Site "Noisiel"]
[Date "2020.02.16"]
[Round "3"]
[White "Bagheri, Amir"]
[Black "Toure, Vasanth"]
[Result "1/2-1/2"]
[WhiteElo "2361"]
[BlackElo "2115"]
[PlyCount "69"]
[EventDate "2020.02.15"]
[EventType "swiss"]
[EventRounds "9"]
[EventCountry "FRA"]

{[%evp 0,32,32,14,14,14,25,20,22,18,81,26,24,27,23,23,5,-8,0,-2,9,-38,-12,-45,
-8,-18,38,48,48,55,55,52,242,46,56]} 1. d4 d5 2. Nf3 e6 3. Bf4 Nf6 4. e3 c5 5.
c3 Bd6 6. dxc5 Bxc5 7. Nbd2 O-O 8. Be2 Re8 9. O-O Nc6 10. Qc2 Bd6 11. Bg5 e5
12. e4 Be7 13. Rad1 Be6 14. Bxf6 Bxf6 15. exd5 Qxd5 16. Bc4 Qd6 17. Ne4 Qe7 18.
Bxe6 Qxe6 19. Rd6 Qe7 20. Nxf6+ gxf6 21. Rdd1 Rad8 22. Nh4 Kh8 23. Qe4 Qe6 24.
b3 b6 25. g3 Ne7 26. Qb7 a5 27. c4 Ng6 28. Nxg6+ hxg6 29. Rd5 Rb8 30. Qd7 Red8
31. Qa7 Ra8 32. Qb7 Rab8 33. Qc7 Rdc8 34. Qd7 Rd8 35. Qc7 1/2-1/2

[Event "Noisiel 5th op"]
[Site "Noisiel"]
[Date "2020.02.16"]
[Round "3"]
[White "Macon, Arthur"]
[Black "Meillon, Judicael"]
[Result "0-1"]
[WhiteElo "2343"]
[BlackElo "2051"]
[PlyCount "72"]
[EventDate "2020.02.15"]
[EventType "swiss"]
[EventRounds "9"]
[EventCountry "FRA"]

{[%evp 0,72,23,26,47,1,44,26,25,11,10,10,0,0,15,18,18,12,11,7,7,-10,-1,8,42,
-40,-31,-36,71,79,92,77,64,64,169,167,177,172,145,151,153,76,88,76,123,55,55,0,
-42,-42,0,-46,-89,-99,-84,-84,-62,-396,-396,-410,-383,-583,-599,-29989,-1141,
-1154,-1282,-1185,-1249,-1249,-1322,-1343,-1364,-1536,-1663]} 1. Nf3 c5 2. g3
g6 3. Bg2 Bg7 4. c4 Nc6 5. Nc3 d6 6. O-O Bf5 7. h3 h5 8. d3 Nf6 9. e4 Bd7 10.
Nh4 Rb8 11. f4 Nh7 12. f5 g5 13. Nf3 e6 14. h4 Bf6 15. fxe6 Bxe6 16. Nd5 Bxd5
17. exd5 Nd4 18. Nxd4 Bxd4+ 19. Kh1 gxh4 20. Qf3 Qf6 21. Bf4 Kd7 22. Bh3+ Kc7
23. Qxh5 Nf8 24. Qg4 hxg3 25. Bxg3 Qh6 26. Rxf7+ Kb6 27. Kg2 Ng6 28. Rd1 Ne5
29. Bxe5 Bxe5 30. Qd7 Rbg8+ 31. Bg4 Qh2+ 32. Kf1 Qh1+ 33. Ke2 Rh2+ 34. Rf2
Rxf2+ 35. Kxf2 Rf8+ 36. Bf5 Qxd1 0-1

[Event "Noisiel 5th op"]
[Site "Noisiel"]
[Date "2020.02.16"]
[Round "3"]
[White "Pozdnjakov, Viatcheslav"]
[Black "Vinodh, Kumar B"]
[Result "1-0"]
[WhiteElo "2295"]
[BlackElo "2034"]
[PlyCount "147"]
[EventDate "2020.02.15"]
[EventType "swiss"]
[EventRounds "9"]
[EventCountry "FRA"]

{[%evp 0,29,23,14,14,14,14,19,40,31,16,24,21,14,27,29,28,4,28,-1,3,-14,-10,-44,
12,-15,5,19,34,-12,30,0]} 1. d4 Nf6 2. Nf3 e6 3. e3 b6 4. Bd3 Bb7 5. O-O Be7 6.
c4 O-O 7. Nc3 d6 8. d5 e5 9. Qc2 Nbd7 10. Ng5 g6 11. f4 exf4 12. exf4 Nc5 13.
Be2 a5 14. b3 Bc8 15. Bb2 Bf5 16. Qd1 h6 17. Nf3 h5 18. Qd4 a4 19. bxa4 Ne8 20.
Ne4 f6 21. Ng3 Ng7 22. Nh4 Qd7 23. Rae1 Bd8 24. Qd2 Kh7 25. Rf3 Rxa4 26. a3 Bg4
27. Re3 f5 28. Nf3 Bxf3 29. Rxf3 Bh4 30. Re3 Raa8 31. Bd1 Rf7 32. Bc2 Raf8 33.
Rf1 Re7 34. Rxe7 Qxe7 35. Re1 Qf7 36. Re3 Re8 37. Ne2 Bf6 38. Bxf6 Qxf6 39.
Rxe8 Nxe8 40. Qe3 Qa1+ 41. Kf2 Ng7 42. Qc3 Qxc3 43. Nxc3 Kg8 44. Nb5 Ne8 45. g3
Kf7 46. h3 Kf6 47. Ke3 Ke7 48. g4 Kf6 49. gxh5 gxh5 50. Bd1 Kg6 51. Nd4 Ng7 52.
Bc2 Kf6 53. Kf3 Kg6 54. Ke3 Kf6 55. Ne2 Kg6 56. Kd4 Kf6 57. h4 Ne8 58. Ng3 Ng7
59. Kc3 Ne4+ 60. Bxe4 fxe4 61. Kd4 Kg6 62. Kxe4 Kf6 63. f5 Kf7 64. Kf4 Ne8 65.
Nxh5 Ke7 66. Kg5 Kf7 67. f6 c6 68. dxc6 Nc7 69. Nf4 b5 70. cxb5 Nxb5 71. Nd5
Ke6 72. c7 Na7 73. Nb6 d5 74. Nxd5 1-0

[Event "Noisiel 5th op"]
[Site "Noisiel"]
[Date "2020.02.16"]
[Round "3"]
[White "Sahil, Tickoo"]
[Black "Labrande, Theodore"]
[Result "1-0"]
[WhiteElo "2275"]
[BlackElo "2021"]
[PlyCount "85"]
[EventDate "2020.02.15"]
[EventType "swiss"]
[EventRounds "9"]
[EventCountry "FRA"]

{[%evp 0,62,41,14,14,16,22,22,66,22,26,20,27,23,14,7,33,29,21,22,10,-18,9,37,2,
1,56,-21,-8,-6,-3,0,-8,6,9,-1,0,6,0,-8,-16,-12,-8,-10,-12,-31,21,27,157,157,
180,197,244,195,205,216,228,198,202,157,250,197,197,170,246]} 1. d4 d5 2. Bf4
Nf6 3. e3 c5 4. c3 Nc6 5. Nd2 Bf5 6. Ngf3 Qb6 7. Nh4 Be4 8. Qb3 c4 9. Qxb6 axb6
10. Be5 Bg6 11. Bxf6 gxf6 12. e4 e6 13. f4 Bxe4 14. Nxe4 dxe4 15. Bxc4 f5 16.
d5 exd5 17. Bxd5 Ra5 18. O-O-O Ne7 19. Bc4 Rc5 20. Bb3 Ng6 21. Nxg6 hxg6 22. h4
Bh6 23. g3 O-O 24. Rd7 b5 25. Rxb7 Bg7 26. Rd1 b4 27. Rxb4 Rc7 28. Rb6 Kh7 29.
Rbd6 e3 30. Re1 Re8 31. Rd3 Rce7 32. Bc4 Kh6 33. Bb5 Rb8 34. a4 Kh5 35. Rexe3
Rxe3 36. Rxe3 Kg4 37. Bc4 Rb7 38. a5 Bf6 39. b4 Re7 40. Be2+ Kh3 41. Kd2 Kg2
42. Bf3+ Kxg3 43. Bb7+ 1-0

[Event "Noisiel 5th op"]
[Site "Noisiel"]
[Date "2020.02.16"]
[Round "3"]
[White "Degardin, Sylvain"]
[Black "Godebert, Florian"]
[Result "1/2-1/2"]
[WhiteElo "2259"]
[BlackElo "2002"]
[PlyCount "54"]
[EventDate "2020.02.15"]
[EventType "swiss"]
[EventRounds "9"]
[EventCountry "FRA"]

{[%evp 0,35,41,42,51,41,59,40,23,21,70,40,22,37,41,24,47,40,59,14,26,31,22,33,
39,33,44,23,15,-13,20,-12,-7,12,-3,-1,16,-13]} 1. e4 c5 2. Nf3 e6 3. d4 cxd4 4.
Nxd4 a6 5. c4 Nf6 6. Nc3 Bb4 7. Qd3 d5 8. exd5 exd5 9. Be2 Nc6 10. Nxc6 bxc6
11. O-O O-O 12. Bg5 Be7 13. Rfd1 Be6 14. Qc2 Qc7 15. Bh4 dxc4 16. Na4 Qf4 17.
Bg3 Qe4 18. Rac1 Rad8 19. Bc7 Qxc2 20. Rxc2 Rxd1+ 21. Bxd1 Nd5 22. Ba5 Nb4 23.
Bxb4 Bxb4 24. Be2 Rd8 25. g3 Rd2 26. Rxd2 Bxd2 27. Bf3 Bd5 1/2-1/2

[Event "Noisiel 5th op"]
[Site "Noisiel"]
[Date "2020.02.16"]
[Round "3"]
[White "Mekhane, Adam"]
[Black "Bassini, Emile"]
[Result "1/2-1/2"]
[WhiteElo "2021"]
[BlackElo "2244"]
[PlyCount "109"]
[EventDate "2020.02.15"]
[EventType "swiss"]
[EventRounds "9"]
[EventCountry "FRA"]

{[%evp 0,108,42,33,41,56,81,46,50,21,21,28,56,58,51,42,70,55,52,39,33,16,16,-5,
-5,-62,-62,-36,-35,-44,-43,-37,-43,-44,-44,-34,-49,-66,-56,-69,-26,-45,-61,-61,
-39,-54,-28,-45,-40,-41,-36,-58,20,-3,10,4,0,0,33,-10,-17,-46,-4,-1,-10,-7,-7,
-34,-32,-32,-35,-31,-41,-45,-78,-116,-49,-40,0,0,0,-23,-32,-116,-101,-126,-88,
-94,-124,-112,-62,-69,-60,-60,-60,-98,-25,-26,-13,-60,-42,-107,-94,-89,-47,-40,
-43,-43,-43,-25,-25]} 1. e4 c5 2. Nf3 d6 3. d4 cxd4 4. Nxd4 Nf6 5. Nc3 a6 6.
Bg5 e6 7. f3 Qc7 8. Qd2 Nbd7 9. O-O-O Be7 10. h4 b5 11. a3 Bb7 12. Ndxb5 axb5
13. Nxb5 Qb8 14. Nxd6+ Qxd6 15. Qxd6 Bxd6 16. Rxd6 Ke7 17. Rd2 h6 18. Be3 Rhc8
19. Bb5 Bc6 20. Bxc6 Rxc6 21. Bd4 e5 22. Be3 Nf8 23. Kb1 Ne6 24. Rhd1 Raa6 25.
Ka2 Rd6 26. c4 Rxd2 27. Bxd2 Nd7 28. Bb4+ Kd8 29. Bd6 Kc8 30. b4 Nd4 31. Bxe5
Nxe5 32. Rxd4 Nc6 33. Rd2 Nxb4+ 34. Kb3 Nc6 35. Rd5 Rb6+ 36. Kc3 Rb1 37. g4 Rh1
38. Rf5 Rxh4 39. Rxf7 g5 40. Rf5 Rh1 41. e5 Rc1+ 42. Kd3 Re1 43. Kd2 Rxe5 44.
Rf6 Nd4 45. Kd3 Ne6 46. Rxh6 Kc7 47. Rf6 Kd6 48. Rf5 Re1 49. Kd2 Ra1 50. c5+
Kc6 51. Re5 Nd4 52. Ke3 Nb3 53. Rxg5 Nxc5 54. Rg8 Rxa3+ 55. Kf4 1/2-1/2

[Event "Noisiel 5th op"]
[Site "Noisiel"]
[Date "2020.02.16"]
[Round "3"]
[White "Moreby, James"]
[Black "Stepien, Jaroslaw"]
[Result "1-0"]
[WhiteElo "2235"]
[BlackElo "1960"]
[PlyCount "93"]
[EventDate "2020.02.15"]
[EventType "swiss"]
[EventRounds "9"]
[EventCountry "FRA"]

{[%evp 0,24,33,14,81,31,31,26,35,12,23,33,40,13,61,59,74,73,75,75,74,15,43,21,
19,81,36]} 1. Nf3 f5 2. d3 Nf6 3. e4 d6 4. exf5 Bxf5 5. d4 g6 6. Bd3 Bxd3 7.
Qxd3 Bg7 8. O-O Qd7 9. Re1 Nc6 10. c4 O-O 11. d5 Nb4 12. Qe2 Qf5 13. Nd4 Qg4
14. Ne6 Rf7 15. a3 Qxe2 16. Rxe2 Nd3 17. Be3 Ng4 18. Nxg7 Rxg7 19. Bd4 Nc1 20.
Re4 Nf6 21. Bxf6 exf6 22. Re3 f5 23. Kf1 f4 24. Rc3 Re8 25. Rxc1 f3 26. gxf3
Rf7 27. Nd2 Re5 28. Re1 Rh5 29. Re8+ Kg7 30. Rae1 Rxh2 31. R1e7 Rh4 32. Rxf7+
Kxf7 33. Rc8 c6 34. dxc6 bxc6 35. Rxc6 Rd4 36. Ke2 Ke6 37. c5 h5 38. Rxd6+ Rxd6
39. cxd6 Kxd6 40. f4 Kd5 41. Kf3 Kd4 42. Ne4 Kd3 43. b4 Kc4 44. Nc5 a5 45. Nd7
a4 46. Nc5 Kb5 47. Kg3 1-0

[Event "Noisiel 5th op"]
[Site "Noisiel"]
[Date "2020.02.16"]
[Round "3"]
[White "Bouton, Christophe"]
[Black "Gavasheli, Ana"]
[Result "1/2-1/2"]
[WhiteElo "2001"]
[BlackElo "2232"]
[PlyCount "116"]
[EventDate "2020.02.15"]
[EventType "swiss"]
[EventRounds "9"]
[EventCountry "FRA"]

{[%evp 0,22,33,14,14,-12,-10,-10,26,26,35,35,29,18,26,20,20,21,23,0,-1,14,52,
45,42]} 1. d4 d5 2. c4 e6 3. Nc3 c5 4. cxd5 exd5 5. Nf3 Nc6 6. g3 Nf6 7. Bg2
Be7 8. O-O O-O 9. Be3 c4 10. Ne5 Be6 11. Nxc4 dxc4 12. d5 Nxd5 13. Nxd5 Bd6 14.
Nf4 Bf5 15. Rc1 Be5 16. Rxc4 Bxb2 17. Rc5 Qc8 18. Qb3 Bf6 19. Rfc1 Bd7 20. Nd5
Bd8 21. Nb4 Be7 22. Nxc6 Bxc5 23. Bxc5 bxc6 24. Bxf8 Qxf8 25. Qb7 Qc8 26. Bxc6
Bxc6 27. Qxc6 Qxc6 28. Rxc6 Kf8 29. Rc7 a5 30. a4 Re8 31. Rc5 Rxe2 32. Rxa5 g6
33. Ra7 g5 34. g4 Re4 35. h3 Re2 36. Ra5 Ra2 37. Rxg5 Rxa4 38. Kg2 h6 39. Rf5
Kg7 40. Kg3 Ra1 41. h4 Rg1+ 42. Kf3 Rh1 43. h5 Rh3+ 44. Kg2 Ra3 45. f3 Ra2+ 46.
Kg3 Ra1 47. Rb5 Ra4 48. Re5 Kf6 49. Re3 Rb4 50. Ra3 Rb6 51. f4 Rb5 52. Ra6+ Kg7
53. Ra4 Rb3+ 54. Kh4 f6 55. Ra7+ Kg8 56. Ra5 Kg7 57. Ra7+ Kg8 58. Ra2 Rf3
1/2-1/2

[Event "Noisiel 5th op"]
[Site "Noisiel"]
[Date "2020.02.16"]
[Round "3"]
[White "Deodhar, Vrushali Umesh"]
[Black "Jeet, Jain"]
[Result "1-0"]
[WhiteElo "1880"]
[BlackElo "2223"]
[PlyCount "59"]
[EventDate "2020.02.15"]
[EventType "swiss"]
[EventRounds "9"]
[EventCountry "FRA"]

{[%evp 0,28,33,-10,9,-10,-10,9,9,13,21,13,13,21,58,54,60,47,51,0,31,28,30,36,
40,32,57,46,55,33,40]} 1. c4 e6 2. Nc3 d5 3. d4 Be7 4. Nf3 Nf6 5. Bf4 O-O 6. e3
b6 7. cxd5 Nxd5 8. Nxd5 Qxd5 9. Bxc7 Bb4+ 10. Nd2 Bb7 11. a3 Bxd2+ 12. Qxd2 Rc8
13. Bf4 Qb3 14. Bd3 Bxg2 15. Rg1 Bf3 16. e4 Bh5 17. Rxg7+ Kf8 18. Rxh7 Nc6 19.
Rxh5 Nxd4 20. Qb4+ Qxb4+ 21. axb4 Ke7 22. Rc1 Nf3+ 23. Kd1 Rd8 24. Rc7+ Kf6 25.
e5+ Kg7 26. Ke2 Nd4+ 27. Ke3 Rd5 28. Be4 Rad8 29. Bh6+ Kg8 30. Rg5+ 1-0

[Event "Noisiel 5th op"]
[Site "Noisiel"]
[Date "2020.02.16"]
[Round "3"]
[White "Galan, Francois"]
[Black "Popov, Konstantin"]
[Result "0-1"]
[WhiteElo "2025"]
[BlackElo "2391"]
[PlyCount "80"]
[EventDate "2020.02.15"]
[EventType "swiss"]
[EventRounds "9"]
[EventCountry "FRA"]

{[%evp 0,18,28,33,52,48,85,51,41,41,35,25,24,23,11,24,17,-5,4,1,-8]} 1. e4 c5
2. Nc3 d6 3. f4 g6 4. Nf3 Bg7 5. Bc4 Nc6 6. O-O Nf6 7. d3 O-O 8. Qe1 Nd4 9.
Nxd4 cxd4 10. Nd5 Nxd5 11. Bxd5 e6 12. Bb3 Bd7 13. Bd2 a5 14. a4 Kh8 15. g4 f5
16. exf5 exf5 17. g5 Re8 18. Qf2 Be6 19. Bxe6 Rxe6 20. c4 d5 21. b3 Re3 22.
Rad1 dxc4 23. bxc4 Qd7 24. Rfe1 Rxd3 25. Qe2 Rb3 26. Qe7 Qxe7 27. Rxe7 Bf8 28.
Rd7 Rd3 29. Kf1 Re8 30. Re1 Rxe1+ 31. Kxe1 b6 32. Ke2 Rh3 33. Rxd4 Rxh2+ 34.
Kd3 Rh3+ 35. Ke2 Ra3 36. Rd7 Rxa4 37. Bc3+ Kg8 38. Kd3 Ra3 39. Kc2 Ra2+ 40. Kb3
Re2 0-1

[Event "Noisiel 5th op"]
[Site "Noisiel"]
[Date "2020.02.16"]
[Round "3"]
[White "Bellaiche, Elise"]
[Black "Shirazi, Kamran"]
[Result "1/2-1/2"]
[WhiteElo "2033"]
[BlackElo "2362"]
[PlyCount "75"]
[EventDate "2020.02.15"]
[EventType "swiss"]
[EventRounds "9"]
[EventCountry "FRA"]

{[%evp 0,25,33,13,36,45,131,108,126,126,131,106,142,154,175,108,130,143,92,135,
158,133,159,117,119,105,118,117]} 1. e4 c5 2. Nf3 f5 3. exf5 Nh6 4. d4 Nxf5 5.
dxc5 e6 6. Bd3 Qa5+ 7. Nc3 Qxc5 8. O-O Be7 9. Ne4 Qc7 10. Ng3 O-O 11. Nxf5 exf5
12. Qe2 d5 13. c4 dxc4 14. Bxc4+ Kh8 15. Bd2 Nc6 16. Bc3 Bd7 17. Ne5 Be8 18.
Rad1 Rd8 19. Rxd8 Bxd8 20. f4 Bh5 21. Qd3 Bf6 22. Bb3 Nxe5 23. fxe5 Bxe5 24.
Rxf5 Qc5+ 25. Kh1 Bg6 26. Rxf8+ Qxf8 27. Qc4 Bxc3 28. bxc3 Qe8 29. h3 h5 30.
Qc7 Be4 31. Bf7 Qf8 32. Qc4 Bc6 33. Bxh5 Qf6 34. Be2 Qe5 35. Qh4+ Kg8 36. Bc4+
Kf8 37. Qf2+ Ke7 38. Qe2 1/2-1/2

[Event "Noisiel 5th op"]
[Site "Noisiel"]
[Date "2020.02.16"]
[Round "3"]
[White "Mota, Pankit"]
[Black "Helfer, Remi"]
[Result "1-0"]
[WhiteElo "2048"]
[BlackElo "2017"]
[PlyCount "69"]
[EventDate "2020.02.15"]
[EventType "swiss"]
[EventRounds "9"]
[EventCountry "FRA"]

{[%evp 0,6,14,29,12,31,23,24,11]} 1. e4 e5 2. Nf3 Nc6 3. Bc4 Bc5 4. c3 Qe7 5.
b4 Bb6 6. a4 a5 7. b5 Nd8 8. O-O d6 9. h3 g5 10. d4 g4 11. hxg4 Bxg4 12. Be3
Nf6 13. dxe5 dxe5 14. Bxb6 cxb6 15. Qd3 Nh5 16. Nh2 Nf4 17. Qg3 Be2 18. Qg7 Rf8
19. Bxe2 Nxe2+ 20. Kh1 Ne6 21. Qxe5 O-O-O 22. Na3 f6 23. Qf5 Rg8 24. Nc4 Rg5
25. Nxb6+ Kb8 26. Qf3 N6f4 27. Nd5 Nxd5 28. exd5 Rdxd5 29. Rad1 Rdf5 30. Qd3
Nf4 31. Qd8+ Qxd8 32. Rxd8+ Kc7 33. Rfd1 Rxg2 34. R1d6 b6 35. R6d7# 1-0

[Event "Noisiel 5th op"]
[Site "Noisiel"]
[Date "2020.02.16"]
[Round "3"]
[White "Koulitchenko, Alexandre"]
[Black "Delmas Goyon, Francois"]
[Result "1-0"]
[WhiteElo "2181"]
[BlackElo "1902"]
[PlyCount "39"]
[EventDate "2020.02.15"]
[EventType "swiss"]
[EventRounds "9"]
[EventCountry "FRA"]

{[%evp 0,25,14,31,45,23,23,8,11,11,68,48,41,20,34,2,-7,-5,-4,-140,-117,-136,
-136,-62,-106,-167,-29,0]} 1. e4 c5 2. d4 cxd4 3. c3 dxc3 4. Nxc3 a6 5. Nf3 e6
6. Bc4 b5 7. Bb3 Bb7 8. O-O b4 9. Nd5 exd5 10. exd5 Bd6 11. Qd4 Kf8 12. Re1 h6
13. Bf4 Bxf4 14. Qxf4 Qb6 15. d6 Nf6 16. Re7 Kg8 17. Re8+ Kh7 18. Qf5+ g6 19.
Qxf6 Rxe8 20. Qxf7+ 1-0